| 000 | 00768aam a2200301 4500 | ||
|---|---|---|---|
| 005 | 20260407150326.0 | ||
| 008 | 150408b2003 xxu||||| |||| 00| 0 spa d | ||
| 020 | _a95089442010 | ||
| 041 | _aESP | ||
| 082 | _a364.4 F162I | ||
| 100 |
_aFainberg, Marcela _932241 |
||
| 245 | _aLa inseguridad ciudadana, violencia y criminalidad | ||
| 260 | _aArgentina | ||
| 260 | _bAd-Hoc | ||
| 260 | _c2003 | ||
| 300 | _a188 pƔginas | ||
| 490 | _aInvestigación Criminal | ||
| 650 | _aSEGURIDAD | ||
| 650 | _aSEGURIDAD FISICA | ||
| 650 | _aSEGURIDAD CIUDADANA | ||
| 650 | _aCRIMINALIDAD | ||
| 650 | _aINSEGURIDAD | ||
| 650 | _aVIOLENCIA | ||
| 650 | _aPREVENCION DEL CRIMEN | ||
| 650 | _aDELITOS | ||
| 650 | _aTENDENCIA ILEGITIMA DE ARMAS | ||
| 942 |
_cBK _2ddc |
||
| 999 |
_c4342 _d4342 |
||